| 000 | 00423nam a2200121Ia 4500 | ||
|---|---|---|---|
| 008 | 220217s9999 xx 000 0 und d | ||
| 245 | 0 | _aRubber compounding ingredients- Carbon black (pelletized)- Determination of fines content | |
| 260 | _aNew Delhi | ||
| 260 |
_c1996 _bInternational Organization for Standardization |
||
| 500 | _aStandard number: ISO 1435. Ed 4 | ||
| 650 | _aRubber compounding ingredients | ||
| 942 | _cST | ||
| 999 |
_c74028 _d74028 |
||